Katy Perry - Une lettre, Une chanson - Statistiques

Statistiques générales
  • Ce quiz a été pris 234 fois
    200 depuis la dernière actualisation
  • Le résultat moyen est 10 sur 18
Statistiques - réponses
Hint Réponse % Correct
R Resilient / Rise / Roar / Roulette
89%
C California Gurls / Chained to the Rhythm / Champagne Problems / Choose Your Battles / Circle the Drain / Cozy Little Christmas / Crush / Cry About It Later / A Cup of Coffee
75%
D Daisies / Dance with the Devil / Dark Horse / Déjà Vu / Dressin' Up / Double Rainbow
73%
L L Last Call / Last Friday Night (T.G.I.F.) / Legendary Lovers / Lost / Love Me
73%
I If You Can Afford Me / I Kissed a Girl / I'm His, He's Mine / I'm Still Breathing / International Smile / Into Me You See / It Takes Two / I Think I'm Ready
72%
H Harleys In Hawaii / Hey Hey Hey / Hot n Cold / Hummingbird Heartbeat
70%
B Bandaids / Bigger Than Me / Birthday / Black And Gold / Bon Appétit / By the Grace of God
69%
F Faith Won't Fail / Fingerprints / Firework
69%
T Teenage Dream / Thinking of You / This Is How We Do / This Moment / Tommie Sunshine's Megasix Smash-Up / Tucked / Trust in Me / Truth / Tsunami
64%
W Waking Up in Vegas / Walking on Air / Waving Through a Window / What Makes A Woman / When There's Nothing Left / Who Am I Living For? / Wide Awake / Witness / Woman's World / Wonder
57%
P Part of Me / Pearl / Peacock / Pendulum / Piercing / Power
54%
E Electric / Electric Feel / E.T.
51%
U Unconditionally / Ur So Gay
44%
O One of the Boys / The One That Got Away / Only Love
37%
N Naturally / Never Really Over / Never Worn White / Nirvana / Not Like the Movies / Not the End of the World
29%
A Act My Age / All the Love / All You Need Is Love / Artificial
21%
G Ghost / Gimme Gimme / Gorgeous / Growing Pains
21%
M Mannequin / Mind Maze / Miss You More / My Own Monster
11%
Aucun quiz correspondant
Distribution des résultats
% des personnes avec chaque résultat
Percentile par nombre de réponses
Votre historique - résultats
Vous n’avez pas pris ce quiz depuis la dernière actualisation